La vie de Mirabeau / (Record no. 165764)
[ view plain ]
| 000 -LEADER | |
|---|---|
| campo de control de longitud fija | 00941nam a2200193 i 4500 |
| 001 - NÚMERO DE CONTROL | |
| campo de control | 165764 |
| 003 - IDENTIFICADOR DE NÚMERO DE CONTROL | |
| campo de control | ES-MaACL |
| 005 - FECHA Y HORA DE LA ÚLTIMA TRANSACCIÓN | |
| campo de control | 20230906213213.0 |
| 008 - DATOS DE LONGITUD FIJA--INFORMACIÓN GENERAL | |
| campo de control de longitud fija | 050906m18951896fr | |||||||| ||fre d |
| 040 ## - FUENTE DE CATALOGACIÓN | |
| Centro catalogador/agencia de origen | CAM |
| Lengua de catalogación | spa |
| Centro/agencia transcriptor | CAM |
| 100 1# - ENTRADA PRINCIPAL--NOMBRE DE PERSONA | |
| Nombre de persona | Stern, Alfred. |
| 9 (RLIN) | 108120 |
| 245 13 - MENCIÓN DEL TÍTULO | |
| Título | La vie de Mirabeau / |
| Mención de responsabilidad, etc. | par Alfred Stern. |
| 250 ## - MENCION DE EDICION | |
| Mención de edición | Ed. revue par l'auteur et précédée d'une préface écrite pour l'édition française. |
| 260 ## - PUBLICACIÓN, DISTRIBUCIÓN, ETC. | |
| Lugar de publicación, distribución, etc. | Paris : |
| Nombre del editor, distribuidor, etc. | Librairie Emile Bouillon éditeur, |
| Fecha de publicación, distribución, etc. | 1895-1896 ( |
| Lugar de fabricación/manufactura | Saint-Amand (Cher) : |
| Fabricante | Imprimerie Destenay, Bussière frères) |
| 300 ## - DESCRIPCIÓN FÍSICA | |
| Extensión | 2 v. ; |
| Dimensiones | 22 cm. |
| 505 8# - NOTA DE CONTENIDO CON FORMATO | |
| Nota de contenido con formato | Contiene: T.I: Avant la révolution / traduit de l'allemand par Lespès, Pasquet & Pierre Péret (IV, 398 p.) - Pendant la révolution / traduit de l'allemand par M.H. Busson (398 p.) |
| 600 14 - PUNTO DE ACCESO ADICIONAL DE MATERIA--NOMBRE DE PERSONA | |
| Nombre de persona | Mirabeau, Honoré-Gabriel de Riqueti |
| Títulos y otros términos asociados al nombre | comte de. |
| 9 (RLIN) | 81463 |
| 852 ## - LOCALIZACIÓN | |
| Ubicación | ES-MaACL |
| Número de control de estantería | F-7867-68 |
| Nota libre | -- Rust. |
| condición física | -- Falto de las pag. 353-398 del t.I |
| Estatus retirado | Estado de pérdida | Estado de daño | No para préstamo | Colección | Biblioteca de origen | Biblioteca actual | Ubicación en estantería | Fecha de adquisición | Total de préstamos | Signatura topográfica completa | Código de barras | Visto por última vez | Precio de reemplazo | Tipo de ítem Koha |
|---|---|---|---|---|---|---|---|---|---|---|---|---|---|---|
| Libros del s. XIX | Biblioteca del Ateneo de Madrid | Biblioteca del Ateneo de Madrid | Sala Pecera Planta 2 | 17/01/2008 | F-7867-68 | 1173842 | 23/02/2023 | 23/02/2023 | Libro impreso antiguo |
